Taylor Swift - Paroles Imgonnagetyouback - Statistiques

Statistiques générales
  • Ce quiz a été pris 47 fois
    43 depuis la dernière actualisation
  • Le résultat moyen est 327 sur 408
Statistiques - réponses
Hint Réponse % Correct
I
100%
Post-refrain I,
100%
"I
100%
I'm
100%
The
100%
the
100%
You
100%
you
100%
your
100%
a
97%
back
97%
gonna
97%
Gonna
97%
like
97%
an
93%
be
93%
Did
93%
did
93%
get
93%
if
93%
me
93%
me,
93%
in
90%
love
90%
smash
90%
that
90%
That
90%
to
90%
We
90%
when
90%
And
86%
and
86%
But
86%
but
86%
can
86%
decided
86%
Haven't
86%
haven't
86%
just
86%
up
86%
wife
86%
yet
86%
don't
83%
house,
83%
house
83%
my
83%
one
83%
same"
83%
Then
83%
hate
79%
it
79%
it's
79%
or
79%
Or
79%
poison,
79%
poison
79%
skin
79%
skirt
79%
way
79%
what
79%
Refrain Whether
79%
babe
76%
bike,
76%
either
76%
honey
76%
I'll
76%
short
76%
Take
76%
take
76%
wanna
76%
with
76%
feel
72%
goin'
72%
hand
72%
hear
72%
move
72%
never
72%
research
72%
somebody
72%
somebody,
72%
something
72%
still
72%
thing,
72%
want
72%
were
72%
we're
72%
Aston
69%
care
69%
Even
69%
eyes
69%
face,
69%
fits
69%
got
69%
here
69%
leaving
69%
Martin
69%
mine
69%
new
69%
not
69%
(oh)
69%
Once
69%
someone
69%
tell
69%
too"
69%
You're
69%
comin',
66%
fix
66%
friends,
66%
handcuffed,
66%
into
66%
knew
66%
Couplet 1 Lilac
66%
make
66%
out
66%
Pick
66%
price
66%
You'll
66%
end
62%
Say
62%
say,
62%
think
62%
Told
62%
wants
62%
whispers
62%
at
59%
curse
59%
game
59%
play
59%
'til
59%
twice
59%
Act
55%
becoming
55%
body
55%
might
55%
Push
55%
closet
52%
come
52%
find
52%
funny,
52%
touch
52%
upper
52%
button,
48%
hid
48%
straight
48%
will
48%
clean
45%
dumb
45%
party
45%
ran
45%
Couplet 2 Small
45%
something's
45%
bar
41%
fadin'
41%
(fadin'
41%
leave
41%
all
38%
big
38%
bygone
38%
gray
38%
gray)
38%
hummin'
38%
off
38%
Pull
38%
Standing
38%
talk,
38%
Bygones
34%
Flip
34%
flip
34%
pieces
34%
reset
34%
ditch
31%
eras
28%
bubbly
24%
script
24%
broke
21%
steered
10%
Aucun quiz correspondant
Distribution des résultats
% des personnes avec chaque résultat
Percentile par nombre de réponses
Votre historique - résultats
Vous n’avez pas pris ce quiz depuis la dernière actualisation